000 00593nam a2200181 4500
003 LK-CoMWRAF
008 231206b2002 |||||||| |||| 00| 0 eng d
040 _aLK-CoMWRAF
_dLK-CoMWRAF
_eLK-CoMWRAF
041 _aeng
_asin
082 _a305.42
_bWOM
111 _aEIGHTH NATIONAL CONVENTION ON WOMEN'S STUIDES
_c(Colombo
_d23-26 March, 2002)
245 _aEighth National Convention on Women's Studies
260 _a[Colombo]:
_b Centre for Women's Research,
_c2002
300 _a 91 p. ; 21 cm.
650 _aWomen -Sri Lanka- Congresses
710 _aCentre for Women's Research
942 _cCP
999 _c4292
_d4292